000 00551nam a22002177i 4500
001 240
003 OSt
005 20170126082241.0
007 tu
008 161220s1992 xxu||||| |||| 00| 0 d
024 7 _a239
_2RID
040 _cOSt
084 _a15.56
_a8.24
_2z
100 1 _aNeuhauser, Kimberly
245 0 0 _aThe Second Economy in Funeral Services
260 _aBerkeley :
_bWEFA Group,
_c1992.
300 _a47 S. ;
_c30cm.
490 _aBerkeley-Duke Occasional Papers on the Second Economy
_v35
651 _aSoviet Union
700 1 _aNeuhauser, C.
942 _cB
999 _c238
_d238